"मद्य नव्हे, हे मंतरलेले पाणी !" (Record no. 335972)
[ view plain ]
| 000 -LEADER | |
|---|---|
| fixed length control field | 00718nam a2200169Ia 4500 |
| 008 - FIXED-LENGTH DATA ELEMENTS--GENERAL INFORMATION | |
| fixed length control field | 090711s9999 xx 000 0 und d |
| 082 ## - DEWEY DECIMAL CLASSIFICATION NUMBER | |
| Item number | 960 |
| 100 ## - MAIN ENTRY--PERSONAL NAME | |
| Personal name | शेवते अरुण (संपा.) |
| 245 ## - TITLE STATEMENT | |
| Title | "मद्य नव्हे, हे मंतरलेले पाणी !" |
| 260 ## - PUBLICATION, DISTRIBUTION, ETC. (IMPRINT) | |
| Name of publisher, distributor, etc | महेता पब्लिकेशन हाऊस |
| Date of publication, distribution, etc | 1999 |
| 300 ## - PHYSICAL DESCRIPTION | |
| Extent | 171 |
| 600 ## - SUBJECT ADDED ENTRY--PERSONAL NAME | |
| Personal name | शेवते अरुण (संपा.) |
| 630 ## - SUBJECT ADDED ENTRY--UNIFORM TITLE | |
| Uniform title | "मद्य नव्हे, हे मंतरलेले पाणी !" |
| 700 ## - ADDED ENTRY--PERSONAL NAME | |
| Personal name | शेवते अरुण (संपा.) |
| 730 ## - ADDED ENTRY--UNIFORM TITLE | |
| Uniform title | "मद्य नव्हे, हे मंतरलेले पाणी !" |
| 942 ## - ADDED ENTRY ELEMENTS (KOHA) | |
| Koha item type | Book |
No items available.